000 00322nam a2200133Ia 4500
005 20251222140101.0
008 251222s1900||||xx |||||||||||||| ||spa||
020 _a950-786-518-7
082 _a111.8/H36
100 _aHeidegger, Martín
245 0 _aMeditación
264 _bBiblioteca Internacional Martin
942 _cLIB
999 _c3932
_d3932